| 000 | 00403nam a2200145Ia 4500 | ||
|---|---|---|---|
| 008 | 230917s9999||||xx |||||||||||||| ||und|| | ||
| 040 |
_e69116 _aMAIN |
||
| 041 | _aEnglish | ||
| 082 | _a378 A78A | ||
| 100 | _aAssociation of Indian Universities | ||
| 245 | 0 | _aAccountabililty in higher education | |
| 260 |
_aNew Delhi _bAssociation of Indian Universities _c1994 |
||
| 300 | _aiii, 141 p. | ||
| 942 | _cBK | ||
| 999 |
_c66965 _d66965 |
||